| 000 | 00641naa a2200157Ia 4500 | ||
|---|---|---|---|
| 003 | ES-SlBCS | ||
| 005 | 20210601151323.0 | ||
| 008 | 140520s1959 xxu||||| |||| 00| 0 spa d | ||
| 041 | _aspa | ||
| 100 | 1 |
_aPascal, Pierre _9210577 |
|
| 245 | 0 | 0 |
_aRusia (U.R.S.S.) _cPierre Pascal |
| 500 | _aTít. orig.: Les grands courants de la pensée mondiale contemporaine, 1958 | ||
| 650 | 4 |
_aFilosofía Actual-Rusia (U.R.S.S.) _9332754 |
|
| 773 | 0 |
_tLas grandes corrientes del pensamiento contemporáneo. Vol. II : Panoramas nacionales : Tomo II / M. F. Sciacca, José Vila Selma _dMadrid : Guadarrama, 1959 _g, págs. 1435-1558 _wVA11335 |
|
| 942 | _cAC | ||
| 999 |
_c755733 _d755733 |
||